Statistics for K-pop Groups

Click here to take the quiz!

General Stats

  • This quiz has been taken 29 times
    (15 since last reset)
  • The average score is 47 of 234

Answer Stats

Answer% Correct
Blackpink
100%
BTS
100%
Stray Kids
89%
BigBang
78%
Enhypen
78%
EXO
78%
New Jeans
78%
Seventeen
78%
Tomorrow X Together
78%
Twice
78%
Ateez
67%
Girls Generation
67%
Got7
67%
Itzy
67%
NMIXX
67%
Red Velvet
67%
Astro
56%
Fromis_9
56%
(G)I-DLE
56%
IVE
56%
Le Sserafim
56%
Monsta X
56%
The Boyz
56%
Wonder Girls
56%
2NE1
44%
Aespa
44%
CLC
44%
Dreamcatcher
44%
iKON
44%
IZ*ONE
44%
Mamamoo +
44%
Mamamoo
44%
RIIZE
44%
SF9
44%
3Racha
33%
AOA
33%
Apink
33%
Babymonster
33%
Block B
33%
BOYNEXTDOOR
33%
Cravity
33%
GOT The Beat
33%
Kard
33%
Kep1er
33%
Loona
33%
Loona 1/3
33%
NCT
33%
Omega X
33%
OnlyOneOf
33%
SHINee
33%
The Rose
33%
Treasure
33%
Viviz
33%
WayV
33%
Xikers
33%
ZEROBASEONE
33%
2AM
22%
2PM
22%
4minute
22%
8turn
22%
AB6IX
22%
After School
22%
Blackswan
22%
Brown Eyed Girls
22%
BSS
22%
BTOB
22%
Day6
22%
DKZ
22%
Everglow
22%
Fifty Fifty
22%
GFriend
22%
Gugudan
22%
I.O.I
22%
Kara
22%
Loosemble
22%
MISAMO
22%
Miss A
22%
NCT 127
22%
NCT Dream
22%
NCT U
22%
Oneus
22%
Onewe
22%
P1Harmony
22%
Pentagon
22%
Pixy
22%
Purple Kiss
22%
Sistar
22%
StayC
22%
Super Junior
22%
Super M
22%
TVXQ!
22%
Wanna One
22%
Weeekly
22%
Xdinary Heroes
22%
X:IN
22%
1TYM
11%
A.C.E
11%
Acid Angel From Asia
11%
Acid Eyes
11%
B1A4
11%
B.A.P
11%
BEAST
11%
Billie
11%
Blitzers
11%
Boystory
11%
Brave Girls
11%
Cherry Bullet
11%
Cignature
11%
Ciipher
11%
CIX
11%
CLASS:y
11%
CNBLUE
11%
CSR
11%
DKB
11%
EL7UP
11%
Epik High
11%
EVNNE
11%
EXID
11%
Exo-CBX
11%
Exo-SC
11%
F.T. Island
11%
F(x)
11%
GD&T.O.P
11%
GD X TAEYANG
11%
Golden Child
11%
H1-KEY
11%
Highlight
11%
H.O.T
11%
Infinite
11%
IRENE & SEULGI
11%
JINJIN & ROCKY
11%
KISS OF LIFE
11%
(KR)ystal Eyes
11%
LABOUM
11%
Ladies' Code
11%
Lightsum
11%
LOVElution
11%
Lovelyz
11%
LUN8
11%
MAVE:
11%
MBLAQ
11%
Momoland
11%
MOONBIN&SANHA
11%
NCT Dojaejung
11%
N.Flying
11%
NINE.i
11%
Noir
11%
NU'EST
11%
ODD EYE CIRCLE
11%
Oh!GG
11%
Oh My Girl
11%
ONF
11%
Rocket Punch
11%
Rocking Doll
11%
Seo Taiji and Boys
11%
S.E.S
11%
Shinhwa
11%
SS501
11%
T1419
11%
T5
11%
T-ara
11%
Teen Top
11%
Tempest
11%
TIOT
11%
TNX
11%
TO1
11%
Trendz
11%
Triple S
11%
Trouble Maker
11%
TTS
11%
UP10TION
11%
Verivery
11%
Vixx
11%
Weki Meki
11%
Winner
11%
Withus
11%
WJSN
11%
WJSN Chocome
11%
WJSN The Black
11%
X1
11%
Younite
11%
Yyxy
11%
ADYA
0%
Aimers
0%
ATBO
0%
BAE173
0%
Big Mama
0%
Bol4
0%
Bugaboo
0%
Bvndit
0%
Craxy
0%
Crayon Pop
0%
Davichi
0%
Dia
0%
Dreamnote
0%
Drippin
0%
Dynamic Duo
0%
E'LAST
0%
Epex
0%
Fantasy Boys
0%
Fin.K.L
0%
Floria
0%
Ghost9
0%
Girls Day
0%
GWSN
0%
Hello Venus
0%
ILY:1
0%
Jinusean
0%
Just B
0%
Kingdom
0%
KNK
0%
Koyote
0%
Lapillus
0%
Luminous
0%
Lunarsolar
0%
Majors
0%
MCND
0%
Mirae
0%
M.O.N.T
0%
Nature
0%
Orange Caramel
0%
Pristin
0%
PRITTI-G
0%
Sechskies
0%
Secret
0%
Secret Number
0%
SPEED
0%
The Wind
0%
Tri.be
0%
U-KISS
0%
Victon
0%
Wei
0%
Woo!Ah!
0%
XEED
0%

Score Distribution

Percentile by Number Answered

Percent of People with Each Score

Your Score History

You have not taken this quiz since the last reset